Words Starting With E - Statistics

General Stats
  • This quiz has been taken 49 times
  • The average score is 33 of 50
Answer Stats
Hint Answer % Correct
what you hear with Ear
100%
a planet Earth
98%
A large African mammal Elephant
98%
digital mail Email
98%
2 + 2 ____ 4 Equal
98%
what you see with Eye
98%
North, South, West, & ___ East
96%
fish built like a snake Eel
96%
Female animals lay Egg
96%
country with pyramid Egypt
96%
6, 7, __ Eight
96%
9, 10, __ Eleven
96%
to make money you ___ it Earn
93%
Santa's helpers Elf
93%
electronic stairs Escalator
91%
another word for Britian England
89%
door to leave a building Exit
89%
opposite of cheap Expensive
89%
moon blocks out the son Eclipse
87%
mechanical machine to climb stories Elevator
87%
a bird of prey Eagle
80%
a natural disaster Earthquake
80%
Moose Elk
80%
a finish line End
78%
a plant koalas eat Eucalyptus
78%
opposite of hard Easy
76%
what gets a car going Engine
76%
a country in East Africa Ethiopia
76%
bad guy Evil
76%
it can shock you Electric
74%
deleting a pencil mark Eraser
70%
you send mail through a Envelope
65%
a country in Southeast Asia East Timor
59%
early school Elementary
52%
before the date you need to be there Early
48%
under an arm Elbow
43%
a type of insect Earwig
41%
A business man or woman Entrepreneur
41%
a fruit Eggplant
39%
the outside of a building Exterior
39%
an adventure to an unknown land Expedition
28%
food gone bad Expire
24%
a device Electronic
22%
country building in another building Embassy
22%
games if something you ___ Enjoy
22%
a distance you can hear Earshot
11%
The stock market Economy
11%
start Establish
7%
a business Establishment
4%
a secret reveal Exposed
2%
No matching quizzes found
Score Distribution
Percent of People with Each Score
Percentile by Number Answered
Your Score History
You have not taken this quiz